Magnetizmus komplexov železa

Salvato in:
Dettagli Bibliografici
Autore principale: Augustín, Peter (Autore)
Altri autori: Boča, Roman (Relatore della tesi)
Natura: Manoscritto Libro
Lingua:slovacco
Pubblicazione: 2015
Soggetti:
Accesso online:http://is.stuba.sk/zp/portal_zp.pl?podrobnosti=97552
Tags: Aggiungi Tag
Nessun Tag, puoi essere il primo ad aggiungerne!!

MARC

LEADER 00000ntm a22000003a 4500
001 stuzp35329
003 SK-STU
005 20160719152939.5
007 ta
008 150427s2015----xo-----f-mn---000-0-slo-d
040 |a STU  |b slo 
041 0 |a slo 
100 1 |a Augustín, Peter  |u 042190  |4 aut  |U FCHPT Ústav anorganickej chémie, technológie a materiálov  |T FCHPT Oddelenie anorganickej chémie  |X 50057  |U C2190  |Y 112  |7 A0000050057 
242 0 1 |a Magnetism of Iron Compounds  |y eng 
245 1 0 |a Magnetizmus komplexov železa 
260 |c 2015 
650 4 |a Spinový prechod  |2 slo 
650 4 |a magnetizmus  |2 slo 
650 4 |a syntéza  |2 slo 
650 4 |a komplexy Fe(III)  |2 slo 
650 4 |a Spin transition  |2 eng 
650 4 |a magnetism  |2 eng 
650 4 |a iron(III) compounds  |2 eng 
650 4 |a synthesis  |2 eng 
700 1 |a Boča, Roman  |4 ths  |X 3291  |7 A000003291 
856 4 |u http://is.stuba.sk/zp/portal_zp.pl?podrobnosti=97552 
SQL |a stuzp35329  |b DDZ  |c SLO  |d Magnetizmus komplexov železa  |e 50057  |f Augustín, Peter  |g 042190  |h 3291  |i Boča, Roman  |j 20150826  |k 131  |l 04  |m http://is.stuba.sk/zp/portal_zp.pl?podrobnosti=97552  |n D-ANCH  |o 4.1.15. anorganická chémia